RICS Awards 2006 (Record no. 105463)

MARC details
000 -LEADER
fixed length control field 00883cam a22002175a 4500
001 - CONTROL NUMBER
control field L133731
008 - FIXED-LENGTH DATA ELEMENTS--GENERAL INFORMATION
fixed length control field 060606s2006 xxkao f 000 0 eng u
035 ## - SYSTEM CONTROL NUMBER
System control number (Sirsi) u133731
041 0# - LANGUAGE CODE
Language code of text/sound track or separate title eng
050 04 - LIBRARY OF CONGRESS CALL NUMBER
Classification number 690.241 $2 18
110 ## - MAIN ENTRY--CORPORATE NAME
Corporate name or jurisdiction name as entry element Royal Institution of Chartered Surveyors
9 (RLIN) 4900
245 00 - TITLE STATEMENT
Title RICS Awards 2006
Remainder of title the winners in Wales
260 ## - PUBLICATION, DISTRIBUTION, ETC.
Place of publication, distribution, etc. RICS
Date of publication, distribution, etc. 2006
300 ## - PHYSICAL DESCRIPTION
Extent [10]p.
Other physical details ill.
Dimensions 21cm.
505 2# - FORMATTED CONTENTS NOTE
Formatted contents note Building Conservation Award: Allt-y-Bela House -- Regeneration Award: Millennium Coastal Park -- Sustainability Award: The Senedd, National Assembly for Wales -- Community Benefit Award: Deri View Primary School -- Welsh Project of the Year: Ty George Thomas Hospice
520 ## - SUMMARY, ETC.
Summary, etc. Pamphlet looks at the nominees and winners of the RICS Awards in Wales for 2006.
521 ## - TARGET AUDIENCE NOTE
Target audience note Advanced
651 #4 - SUBJECT ADDED ENTRY--GEOGRAPHIC NAME
Geographic name Wales
Chronological subdivision 1998-2007
690 ## - LOCAL SUBJECT ADDED ENTRY--TOPICAL TERM (OCLC, RLIN)
Topical term or geographic name as entry element ABOUT RICS-AWARDS
942 ## - ADDED ENTRY ELEMENTS (KOHA)
Suppress in OPAC 0
Holdings
Withdrawn status Lost status Source of classification or shelving scheme Damaged status Not for loan Home library Current library Shelving location Date acquired Total Checkouts Full call number Barcode Date last seen Copy number Price effective from Koha item type
    Dewey Decimal Classification     London London RICS Boxes 21/07/2008   RICS 2006/88 30073025 06/08/2019 1 06/08/2019 Archive